Los Angeles Clippers NBA Awards Winners - Statistics

General Stats
  • This quiz has been taken 492 times
    444 since last reset
  • The average score is 4 of 9
Answer Stats
Player % Correct
Blake Griffin
91%
Bob McAdoo
88%
Lou Williams
78%
Jamal Crawford
75%
Montrezl Harrell
53%
Adrian Dantley
8%
Terry Cummings
8%
Ernie DiGregorio
7%
Bibby Simmons
5%
No matching quizzes found
Score Distribution
Percent of People with Each Score
Percentile by Number Answered
Your Score History
You have not taken this quiz since the last reset